00991nam a2200277 u 450000100100000000500170001000800410002702000180006804300130008609000120009910000180011124500850012925000120021426000340022630000230026050000540028350000500033753400260038765000120041365000240042565000300044965000350047970000360051499900150055095201480056500004060520200120222344.0100826s2007 sp a ar 000 0 spa d a9788426135995 ae--sp--- aAbHORu1 aHoracek, Petr10aUna casa a la medida /cPetr Horacek; traducción: Élodie Bourgeois Bertín. a1a. ed. aBarcelona :bJuventud,c2007. a26 p. :bil., col. aEj. 1 Roma, Chicala, Ruedas 4 ISBN: 9788426136343 aEj. 1 Biblioteca Mosquera ISBN: 9788426136343 tA new house for mouse17aÁlbum27aLiteratura infantil27aAnimales en la literatura27aLibros ilustrados para niños1 aBourgeois Bertín, Elodieetr. c2466d2466 00102ddc40708LIaBPMOSbBPMOSd2020-01-20i113511l15m8oA HORupMOS001826r2025-07-09s2025-06-21tej.1w2020-01-20yBKLITzQuince días